000 00271nam a2200109Ia 4500
001 1275924
005 20260417160437.0
008 260417s9999 xx 000 0 und d
020 _a9786257587174
245 0 _aBir Dedenin Kalbi
_cIrena Trevisan
260 _bKetebe Çocuk
999 _c1275924
_d1275924